Austrian places - sudden death - Statistics

General Stats
  • This quiz has been taken 217 times
    204 since last reset
  • The average score is 18 of 28
Answers on the Grid
Answers color-coded by a green-red scale on the quiz's grid according to % correct below.
Munich
Auckland
Salzburg
Lake Neusiedl
Luxembourg
Innsbruck
The Alps
Jakarta
Schönbrunn Palace
Wagram battlefield
Liepāja
Babruysk
Graz
Stephansdom
Grossglockner
Rotterdam
Ravenna
Kamianske
Müritz
River Danube
Kitzbühel
Linz
Steyr
Landeck
Nalchik
Kaunertal
Vaduz
Anaheim
Wiener Neustadt
Mayrhofen
Nueva Germania
Hitler's birthplace
Prutz
Bregenz
River Inn
Debar
Ruse
Dormitz
Ernst Happel Stadium
Poprad
Hallstätter See
Wels
Zrenjanin
Feldkirch
Koper
Klimt's birthplace
Rapperswil-Jona
Vienna
 
Answer Stats
Answer % Correct
Salzburg
96%
Innsbruck
95%
Graz
91%
Schönbrunn Palace
88%
The Alps
87%
Vienna
87%
Linz
85%
Hitler's birthplace
82%
River Danube
77%
Wiener Neustadt
72%
Grossglockner
67%
Kitzbühel
66%
Feldkirch
62%
Hallstätter See
62%
Lake Neusiedl
62%
Ernst Happel Stadium
58%
Klimt's birthplace
55%
River Inn
55%
Bregenz
54%
Stephansdom
50%
Steyr
48%
Mayrhofen
45%
Landeck
43%
Wels
43%
Wagram battlefield
38%
Kaunertal
36%
Dormitz
35%
Prutz
26%
No matching quizzes found
Score Distribution
Percent of People with Each Score
Percentile by Number Answered
Your Score History
You have not taken this quiz since the last reset